000 00393nam a22001337a 4500
082 _a621.3815
_bPLA
_cL-11, P-11
100 _aPlatt, k sidney.
_941616
245 _aIndustrial control circuits /
_cK Sidney Platt.
260 _aNew York :
_bJohn F. Rider Publisher, Inc.
_cc1963.
300 _av 193 p. :
526 _a0
_b0
_c0
_d621_381500000000000_PLA
650 _aMCE
_9379
942 _2ddc
_cBK
999 _c545676
_d545676